[Event "X Open Primavera"]
[Site "Robecchetto con Induno ITA"]
[Date "2013.04.11"]
[Round "2"]
[White "Santoruvo, Gianfranco"]
[Black "Madaschi, Sergio"]
[WhiteElo "1652"]
[BlackElo "1497"]
[Result "1-0"]
[PlyCount "77"]
[EventDate "2013.04.04"]

1. e4 c6 2. d4 d5 3. Nc3 dxe4 4. Nxe4 Bf5 5. Ng3 Bg6 6. Nf3 h6 7. Bc4 Nd7 8.
O-O Qc7 9. Be3 Ngf6 10. Re1 e6 11. Bd3 Bxd3 12. Qxd3 Bb4 13. c3 Be7 14. c4 Bb4
15. Re2 O-O 16. a3 Be7 17. Rae1 Rfd8 18. Qd2 Nc5 19. Bf4 Qc8 20. Ne5 Nb3 21.
Qc3 Nxd4 22. Rd2 c5 23. Ne4 Nxe4 24. Rxe4 Bf6 25. Qg3 Nf5 26. Qc3 Rxd2 27. Qxd2
g5 28. Ng4 Bg7 29. Be5 Qc6 30. Re1 Nh4 31. f4 gxf4 32. Bxf4 Nf5 33. Nxh6+ Nxh6
34. Bxh6 Bd4+ 35. Kh1 e5 36. Rf1 Qg6 37. Qc1 Rd8 38. Rf3 Kh7 39. Rh3 1-0

[Event "X Open Primavera"]
[Site "Robecchetto con Induno ITA"]
[Date "2013.04.11"]
[Round "2"]
[White "Sartorio, Alessandro"]
[Black "Trenti, Alessandro"]
[WhiteElo "1233"]
[BlackElo "1755"]
[Result "0-1"]
[PlyCount "54"]
[EventDate "2013.04.04"]

1. e4 b6 2. d4 Bb7 3. c4 Bxe4 4. Nc3 Bb7 5. Nf3 e6 6. Bd3 Bb4 7. Bd2 Nf6 8. O-O
O-O 9. Qb3 a5 10. a3 Be7 11. Rfe1 Bxf3 12. gxf3 Nc6 13. d5 Nd4 14. Qd1 exd5 15.
cxd5 Re8 16. Be3 Bc5 17. b4 axb4 18. axb4 Rxa1 19. Qxa1 Nxf3+ 20. Kf1 Nxe1 21.
Qxe1 Bxb4 22. Qa1 Bxc3 23. Qxc3 Nxd5 24. Qc2 Rxe3 25. Bxh7+ Kh8 26. Qf5 Qf6 27.
Qh3 Rxh3 0-1

[Event "X Open Primavera"]
[Site "Robecchetto con Induno ITA"]
[Date "2013.04.11"]
[Round "2"]
[White "Sigismondi, Piero"]
[Black "Zanin, Armando"]
[WhiteElo "1464"]
[BlackElo "1673"]
[Result "1/2-1/2"]
[PlyCount "85"]
[EventDate "2013.04.04"]

1. d4 c5 2. e3 d5 3. Nf3 c4 4. Be2 Nc6 5. O-O Nf6 6. Nbd2 Bf5 7. Ne5 Qd6 8. f4
Nb4 9. Ndxc4 dxc4 10. Nxc4 Qc6 11. Bd3 Nxd3 12. cxd3 Bg4 13. Qb3 Be6 14. Re1
Bd5 15. e4 Nxe4 16. Ne5 Bxb3 17. Nxc6 bxc6 18. dxe4 Be6 19. Bd2 g6 20. Rac1 Bd7
21. d5 Bh6 22. Rc5 O-O 23. h3 Rfb8 24. b3 Rb5 25. Rec1 Rc8 26. g4 a5 27. g5 Bf8
28. h4 a4 29. b4 e6 30. R5c4 a3 31. Kf2 Rcb8 32. Rb1 Be7 33. Ke2 Ra8 34. Kd3
Ra4 35. Kc2 Kg7 36. Kb3 Ra8 37. Rh1 Rbb8 38. h5 Rb5 39. h6+ Kf8 40. Rhc1 Ke8
41. Be1 Kd8 42. R1c2 Kc7 43. Rc1 1/2-1/2

[Event "X Open Primavera"]
[Site "Robecchetto con Induno ITA"]
[Date "2013.04.11"]
[Round "2"]
[White "Troiani, Mauro"]
[Black "Vada, Riccardo"]
[WhiteElo "2005"]
[BlackElo "1512"]
[Result "1-0"]
[PlyCount "63"]
[EventDate "2013.04.04"]

1. d4 g6 2. c4 Bg7 3. Nc3 e6 4. e4 Ne7 5. Nf3 d5 6. cxd5 exd5 7. e5 O-O 8. Be2
b6 9. O-O Bb7 10. Qb3 h6 11. h3 Nbc6 12. Bf4 a6 13. a4 Qd7 14. Rfd1 Rad8 15.
Rac1 Rfe8 16. Bf1 g5 17. Bh2 g4 18. hxg4 Qxg4 19. e6 fxe6 20. Bxc7 Rf8 21. Be2
Rc8 22. Qxb6 Ba8 23. Bg3 Qf5 24. Bxa6 Rb8 25. Bxb8 Rxb8 26. Qc7 Rxb2 27. Bd3
Qg4 28. Rb1 Nxd4 29. Nxd4 Rxf2 30. Kxf2 Bxd4+ 31. Kf1 e5 32. Ne2 1-0

[Event "X Open Primavera"]
[Site "Robecchetto con Induno ITA"]
[Date "2013.04.18"]
[Round "3"]
[White "Buonasorte, Roberto"]
[Black "Ragoso, Mario"]
[WhiteElo "1452"]
[BlackElo "1650"]
[Result "0-1"]
[PlyCount "68"]
[EventDate "2013.04.04"]

1. e4 e5 2. Nf3 Nc6 3. d4 exd4 4. Nxd4 Qh4 5. Nb5 Qxe4+ 6. Be3 Qe5 7. Nd2 d5 8.
Nf3 Qe7 9. Qd2 Be6 10. Be2 Nf6 11. Bg5 a6 12. Bxf6 gxf6 13. Nbd4 Nxd4 14. Nxd4
O-O-O 15. O-O-O Qc5 16. Qf4 Bg7 17. Bg4 Rd6 18. Rhe1 h5 19. Bxe6+ fxe6 20. Nxe6
Rxe6 21. Rxe6 Bh6 22. Re8+ Kd7 23. Rxh8 Bxf4+ 24. Kb1 Be5 25. Rxh5 c6 26. Rh7+
Kc8 27. Rh8+ Kc7 28. Rh7+ Kb6 29. Rd3 Qxf2 30. Rb3+ Kc5 31. a3 Qf1+ 32. Ka2
Qxg2 33. Rbxb7 Qxc2 34. h4 Bxb2 0-1

[Event "X Open Primavera"]
[Site "Robecchetto con Induno ITA"]
[Date "2013.04.18"]
[Round "3"]
[White "Giusti, Francesco"]
[Black "Troiani, Mauro"]
[WhiteElo "1559"]
[BlackElo "2005"]
[Result "0-1"]
[PlyCount "122"]
[EventDate "2013.04.04"]

1. e4 c5 2. Nf3 d6 3. Nc3 Nf6 4. Bc4 e6 5. d3 Nc6 6. a3 Be7 7. h3 O-O 8. g4 Nd4
9. g5 Nd7 10. h4 Nxf3+ 11. Qxf3 Ne5 12. Qg3 f5 13. f4 Nxc4 14. dxc4 Bd7 15. Bd2
Bc6 16. Qe3 fxe4 17. Nxe4 b6 18. Rg1 d5 19. Ng3 Qd7 20. O-O-O Bd6 21. Nh5 Qf7
22. Qe2 Rae8 23. Rdf1 a6 24. Bc3 d4 25. Bd2 b5 26. Qg4 Be4 27. cxb5 axb5 28.
Ng3 Bf5 29. Qf3 Qc7 30. Nxf5 Rxf5 31. Qd3 c4 32. Qxd4 Bc5 33. Qe4 Bxg1 34. Rxg1
Qc5 35. Re1 Qd5 36. Qe3 e5 37. Qb6 Rd8 38. Ba5 Re8 39. Rd1 Qe4 40. fxe5 Rfxe5
41. Kb1 Qxh4 42. Bc3 Rxg5 43. Ka2 Qh5 44. Rd7 Qg4 45. Qc7 h5 46. Bd2 Rg6 47.
Qb7 h4 48. Qxb5 Rf8 49. Bb4 Rf5 50. Rd8+ Kh7 51. Qe8 Rgf6 52. Qh8+ Kg6 53. Bc3
Rf7 54. Rd6+ R5f6 55. Bxf6 Rxf6 56. Qe8+ Kh7 57. Rd8 h3 58. Qh8+ Kg6 59. Rd2
Qe6 60. c3 Rf1 61. Rh2 Qe1 0-1

[Event "X Open Primavera"]
[Site "Robecchetto con Induno ITA"]
[Date "2013.04.18"]
[Round "3"]
[White "Libutti, Michele"]
[Black "Colombo, Maurizio"]
[WhiteElo "1717"]
[BlackElo "1769"]
[Result "0-1"]
[PlyCount "152"]
[EventDate "2013.04.04"]

1. d4 Nf6 2. c4 e6 3. Nc3 Bb4 4. e3 c5 5. Nf3 Nc6 6. Bd3 Bxc3+ 7. bxc3 d6 8.
O-O e5 9. e4 h6 10. d5 Ne7 11. Nh4 O-O 12. f4 Ng6 13. Nxg6 fxg6 14. fxe5 dxe5
15. h3 Qe7 16. Be3 b6 17. Qe2 Ne8 18. Rxf8+ Qxf8 19. Rf1 Qe7 20. Qf2 Nd6 21.
Qg3 Kh7 22. Qf2 Ba6 23. Qe2 Rf8 24. Ra1 Nb7 25. Rf1 Rxf1+ 26. Qxf1 Qf6 27. Qe2
Nd6 28. Bf2 Kg8 29. Be3 Kf8 30. Bf2 Ke7 31. Be3 g5 32. Bf2 Nf7 33. Be3 Nd6 34.
Bf2 Kd7 35. Qg4+ Kc7 36. Qe2 Bc8 37. Be3 a5 38. Bc2 Ba6 39. Bd3 Bc8 40. Bf2 Bd7
41. Bg3 g4 42. h4 h5 43. Bf2 g5 44. hxg5 Qxg5 45. Be3 Qf6 46. g3 Nf7 47. Qf2
Qxf2+ 48. Kxf2 Kd6 49. Be2 Ke7 50. Bd2 Kf6 51. Be3 Nd6 52. Bd3 Bc8 53. Bh6 Kf7
54. Bg5 Ba6 55. Bd8 Bxc4 56. Bxc4 Nxc4 57. Bc7 b5 58. Ke2 Ke7 59. Kd3 Kd7 60.
Bb8 Nd6 61. Ba7 c4+ 62. Ke3 Nf7 63. Bb6 a4 64. Ba7 Ke7 65. Bb8 Kf6 66. Bc7 Kg5
67. d6 Kf6 68. d7 Ke7 69. d8=Q+ Nxd8 70. Bxe5 Nc6 71. Bc7 Ke6 72. Kf4 b4 73.
cxb4 Nxb4 74. Ba5 Nxa2 75. Ke3 Nc1 76. Kd2 Nb3+ 0-1

[Event "X Open Primavera"]
[Site "Robecchetto con Induno ITA"]
[Date "2013.04.18"]
[Round "3"]
[White "Loaldi, Davide"]
[Black "Bianchi, Alberto"]
[WhiteElo "1560"]
[BlackElo "1964"]
[Result "0-1"]
[PlyCount "51"]
[EventDate "2013.04.04"]

1. d4 d5 2. Nf3 e6 3. e3 Nf6 4. Bd3 Bd6 5. O-O Nbd7 6. Nbd2 O-O 7. e4 dxe4 8.
Nxe4 Nxe4 9. Bxe4 Nf6 10. Bd3 b6 11. Bg5 Bb7 12. c3 Be7 13. Qe2 h6 14. Bd2 Qd5
15. Rae1 Qxa2 16. Bc1 Qd5 17. Qe5 Bd6 18. Qxd5 Bxd5 19. Ne5 Rfd8 20. Bb5 c5 21.
dxc5 Bxc5 22. Be3 Rac8 23. Bxc5 Rxc5 24. c4 Bb7 25. Rd1 Rxd1 26. Rxd1 0-1

[Event "X Open Primavera"]
[Site "Robecchetto con Induno ITA"]
[Date "2013.04.18"]
[Round "3"]
[White "Madaschi, Sergio"]
[Black "Minore, Antonino"]
[WhiteElo "1497"]
[BlackElo "1286"]
[Result "1-0"]
[PlyCount "95"]
[EventDate "2013.04.04"]

1. e4 e5 2. Nf3 Nc6 3. Bb5 Nf6 4. O-O Bc5 5. Re1 O-O 6. c3 a6 7. Ba4 Ba7 8. d4
exd4 9. cxd4 d5 10. e5 Ne4 11. h3 Re8 12. Nc3 f5 13. exf6 Nxf6 14. Rxe8+ Qxe8
15. Bg5 Qg6 16. Bxf6 Bxh3 17. Ng5 Bxg2 18. Qg4 gxf6 19. Qe6+ Kg7 20. Kxg2 Qxg5+
21. Kf1 Kh6 22. Nxd5 Bxd4 23. Qh3+ Qh5 24. Qxh5+ Kxh5 25. Nxc7 Rc8 26. Ne6 Bxb2
27. Rb1 b5 28. Bd1+ Kh4 29. Rxb2 Ne5 30. Be2 Rc1+ 31. Kg2 Re1 32. Nc7 Kg5 33.
Nxa6 h5 34. Bxb5 h4 35. a4 Re4 36. Rb4 Rg4+ 37. Rxg4+ Kxg4 38. Nc5 h3+ 39. Kh2
Nf3+ 40. Kh1 f5 41. Be2 Kf4 42. Bxf3 Kxf3 43. Kh2 Kxf2 44. Kxh3 Kf3 45. a5 f4
46. a6 Ke3 47. Kg2 f3+ 48. Kf1 1-0

[Event "X Open Primavera"]
[Site "Robecchetto con Induno ITA"]
[Date "2013.04.18"]
[Round "3"]
[White "Marchesotti, Giovanni"]
[Black "Sigismondi, Piero"]
[WhiteElo "1540"]
[BlackElo "1464"]
[Result "1-0"]
[PlyCount "95"]
[EventDate "2013.04.04"]

1. g3 d5 2. Bg2 Nf6 3. Nf3 c6 4. O-O Bf5 5. d4 e6 6. Nbd2 Nbd7 7. c4 Qc7 8. b3
Bd6 9. c5 Be7 10. Bb2 h6 11. Re1 Ne4 12. Nxe4 Bxe4 13. Nd2 Bxg2 14. Kxg2 Bf6
15. Qc2 O-O 16. Nf3 Be7 17. e3 a5 18. a4 Rfe8 19. Ne5 Bf6 20. Nxd7 Qxd7 21. f4
Rab8 22. Bc3 Bd8 23. Qd2 Ra8 24. Reb1 b6 25. b4 Qa7 26. cxb6 Bxb6 27. bxa5 Bxa5
28. Bxa5 Qxa5 29. Qxa5 Rxa5 30. Rc1 Rc8 31. Rc5 Rxc5 32. dxc5 Kf8 33. Rb1 Rc7
34. Rb6 Ke8 35. a5 Kd7 36. Kf3 g6 37. Ke2 f6 38. Kd3 e5 39. h4 h5 40. a6 Kc8
41. Kc3 Kd7 42. Kd3 Kc8 43. a7 Rxa7 44. Rxc6+ Kd7 45. Rxf6 Rc7 46. Rf7+ Kc6 47.
Rxc7+ Kxc7 48. fxe5 1-0

[Event "X Open Primavera"]
[Site "Robecchetto con Induno ITA"]
[Date "2013.04.18"]
[Round "3"]
[White "Pogliano, Stefano"]
[Black "Moroni, Luca"]
[WhiteElo "1988"]
[BlackElo "1859"]
[Result "1-0"]
[PlyCount "87"]
[EventDate "2013.04.04"]

1. e4 c5 2. Nf3 d6 3. d4 cxd4 4. Nxd4 Nf6 5. Bd3 g6 6. O-O Bg7 7. c3 O-O 8. h3
Nc6 9. Nxc6 bxc6 10. Be3 c5 11. e5 Nd5 12. Bg5 h6 13. Bh4 Rb8 14. Bc4 Nb6 15.
exd6 g5 16. dxe7 Qxe7 17. Bg3 Be5 18. Bxe5 Qxe5 19. Be2 Bf5 20. Bg4 Rfd8 21.
Qe1 Qxe1 22. Rxe1 Bxg4 23. hxg4 Nc4 24. b3 Nb6 25. c4 Nd7 26. Nc3 Nf6 27. f3
Rd2 28. Rad1 Rc2 29. Rd3 Kg7 30. Re2 Rc1+ 31. Kf2 h5 32. gxh5 Nxh5 33. g3 Rh1
34. Rd5 Kg6 35. Rxc5 Rh8 36. Rc6+ f6 37. Ree6 Rd8 38. Nd5 Rh2+ 39. Ke3 Nxg3 40.
Rxf6+ Kg7 41. Rc7+ Kh8 42. Rxa7 Rb2 43. Rh6+ Kg8 44. Nf6+ 1-0

[Event "X Open Primavera"]
[Site "Robecchetto con Induno ITA"]
[Date "2013.04.18"]
[Round "3"]
[White "Puricelli, Roberto"]
[Black "Santoruvo, Gianfranco"]
[WhiteElo "1551"]
[BlackElo "1652"]
[Result "1/2-1/2"]
[PlyCount "50"]
[EventDate "2013.04.04"]

1. e4 e5 2. Nf3 Nc6 3. Bc4 Bc5 4. O-O d6 5. h3 Nf6 6. d3 h6 7. a3 O-O 8. Nc3 a6
9. b4 Ba7 10. Bb2 Qe7 11. Nd5 Nxd5 12. Bxd5 Be6 13. Bxc6 bxc6 14. Qe2 f5 15.
Rad1 Rf7 16. c4 Raf8 17. d4 fxe4 18. Nd2 d5 19. c5 Bxh3 20. gxh3 Rf3 21. Nxf3
Rxf3 22. Qxf3 exf3 23. Kh2 Qh4 24. dxe5 Qf4+ 25. Kh1 Qh4 1/2-1/2

[Event "X Open Primavera"]
[Site "Robecchetto con Induno ITA"]
[Date "2013.04.15"]
[Round "3"]
[White "Redamante, Marzio"]
[Black "Koureas, Panicos"]
[WhiteElo "1545"]
[BlackElo "1421"]
[Result "0-1"]
[PlyCount "92"]
[EventDate "2013.04.04"]

1. c4 e5 2. g3 Nc6 3. Nc3 f5 4. d3 Nf6 5. Bg2 Bb4 6. a3 Bxc3+ 7. bxc3 d6 8. Rb1
O-O 9. Bg5 Qe8 10. Bd2 b6 11. e3 Rb8 12. Ne2 Bb7 13. O-O Qh5 14. h3 Ne7 15. f3
Rbd8 16. d4 Ba6 17. Qa4 Bb7 18. Qxa7 Rb8 19. Qa4 Ra8 20. Qb3 Kh8 21. c5 Ba6 22.
cxd6 cxd6 23. c4 Qf7 24. d5 Nd7 25. Nc3 Nc8 26. e4 Nc5 27. Qb4 Nd3 28. Qb3 Qg6
29. Nb5 Nc5 30. Qc2 Bxb5 31. cxb5 Ne7 32. g4 f4 33. Ra1 Rfc8 34. Qb2 Qf7 35.
Qa2 Ng6 36. Be1 Nd3 37. Bf2 Qc7 38. Qb3 Nxf2 39. Rxf2 Qc5 40. Bf1 Nh4 41. Be2
Rc7 42. a4 Rac8 43. Kf1 Ra7 44. Bd1 Qd4 45. Ke1 Qxa1 46. Rd2 Rc3 0-1

[Event "X Open Primavera"]
[Site "Robecchetto con Induno ITA"]
[Date "2013.04.18"]
[Round "3"]
[White "Rossi, Enrico"]
[Black "Nava, Mario"]
[WhiteElo "1486"]
[BlackElo "1265"]
[Result "1-0"]
[PlyCount "83"]
[EventDate "2013.04.04"]

1. e4 c5 2. Nf3 e6 3. d4 cxd4 4. Nxd4 Nf6 5. Nc3 d6 6. Bb5+ Nc6 7. Nxc6 bxc6 8.
Bxc6+ Bd7 9. Bxa8 Qxa8 10. Bg5 Nxe4 11. Bf4 Nxc3 12. bxc3 Qe4+ 13. Be3 Qxg2 14.
Rf1 Bb5 15. Kd2 Bxf1 16. Qxf1 Qxf1 17. Rxf1 a6 18. Rb1 Be7 19. Rb8+ Bd8 20. Bb6
Ke7 21. Ra8 Kf6 22. Rxd8 Rxd8 23. Bxd8+ Kf5 24. Bc7 d5 25. Kd3 e5 26. c4 dxc4+
27. Kxc4 f6 28. Bd6 h5 29. Bf8 g6 30. Kd3 Kf4 31. c4 Kf3 32. Bg7 e4+ 33. Kd4 f5
34. Bh6 Kxf2 35. c5 Kf3 36. c6 f4 37. c7 e3 38. c8=Q e2 39. Qh3+ Kf2 40. Qh4+
Kf1 41. Qxf4+ Ke1 42. Kd3 1-0

[Event "X Open Primavera"]
[Site "Robecchetto con Induno ITA"]
[Date "2013.04.18"]
[Round "3"]
[White "Santarelli, Sabatino"]
[Black "Sartorio, Alessandro"]
[WhiteElo "1621"]
[BlackElo "1233"]
[Result "1-0"]
[PlyCount "75"]
[EventDate "2013.04.04"]

1. e4 e5 2. Nf3 Nf6 3. Nc3 Nc6 4. Bc4 Bb4 5. d3 d6 6. h3 h6 7. O-O O-O 8. Nd5
Ba5 9. a3 Nxd5 10. Bxd5 Ne7 11. Ba2 Bd7 12. Be3 c5 13. Nd2 Bb5 14. f4 Ng6 15.
f5 Nf4 16. Bxf4 exf4 17. Rxf4 Bc7 18. Bd5 Qg5 19. Qf3 Qf6 20. Rb1 Kh8 21. Bxb7
Rab8 22. Bd5 Bd7 23. c3 Ba5 24. Qd1 Qe5 25. Rf3 g5 26. Nc4 Qg7 27. Nxa5 g4 28.
Rg3 h5 29. Nc4 Qg6 30. Qd2 Qg7 31. Qf4 Ba4 32. hxg4 h4 33. Rh3 Bb3 34. Rxh4+
Kg8 35. f6 Qg6 36. Rh6 Qxh6 37. Qxh6 Bc2 38. Qg7# 1-0

[Event "X Open Primavera"]
[Site "Robecchetto con Induno ITA"]
[Date "2013.04.18"]
[Round "3"]
[White "Testa, Loris"]
[Black "Ongaro, Andrea"]
[WhiteElo "1926"]
[BlackElo "1719"]
[Result "1-0"]
[PlyCount "70"]
[EventDate "2013.04.04"]

1. Nf3 Nf6 2. d4 e6 3. c4 Bb4+ 4. Bd2 Be7 5. Nc3 b6 6. e4 Bb7 7. Bd3 d6 8. O-O
O-O 9. Rc1 Nbd7 10. a3 e5 11. d5 Nc5 12. Bb1 a5 13. b4 axb4 14. axb4 Na6 15.
Ne2 Bc8 16. Ng3 Bd7 17. Bd3 c5 18. dxc6 Bg4 19. h3 Be6 20. b5 Nc5 21. Be3 Qc7
22. Bxc5 dxc5 23. Ng5 Bc8 24. Ra1 Rxa1 25. Qxa1 h6 26. Nf3 Bd6 27. Nh4 Rd8 28.
Nhf5 Nh7 29. Ne3 Nf6 30. Nd5 Nxd5 31. exd5 g6 32. Qc1 Kg7 33. Ne4 f5 34. Nxd6
Rxd6 35. Qb2 Kh7 1-0

[Event "X Open Primavera"]
[Site "Robecchetto con Induno ITA"]
[Date "2013.04.18"]
[Round "3"]
[White "Trenti, Alessandro"]
[Black "Barrera, Pietro"]
[WhiteElo "1755"]
[BlackElo "1902"]
[Result "1/2-1/2"]
[PlyCount "69"]
[EventDate "2013.04.04"]

1. e4 g6 2. d4 Bg7 3. c4 d6 4. Nc3 Nd7 5. Be3 b6 6. Be2 Bb7 7. Qc2 e6 8. Nf3
Ne7 9. O-O O-O 10. Rfe1 a6 11. Rad1 Qe8 12. Qc1 Nf6 13. Bd3 Ng4 14. Bd2 Nc6 15.
h3 Nf6 16. Bh6 Nd7 17. Bxg7 Kxg7 18. a3 Qe7 19. Ne2 Nd8 20. Ng3 f6 21. Nh2 Nf7
22. Ng4 h5 23. Nh2 Nh6 24. Nf3 Qf7 25. Qe3 Rae8 26. Qd2 e5 27. d5 Bc8 28. Nh4
Nc5 29. Bc2 g5 30. Nhf5+ Bxf5 31. Nxf5+ Nxf5 32. exf5 h4 33. b4 Nd7 34. Be4 Rh8
35. Bf3 1/2-1/2

[Event "X Open Primavera"]
[Site "Robecchetto con Induno ITA"]
[Date "2013.04.18"]
[Round "3"]
[White "Zanin, Armando"]
[Black "Rossi, Emanuele"]
[WhiteElo "1673"]
[BlackElo "1559"]
[Result "0-1"]
[PlyCount "86"]
[EventDate "2013.04.04"]

1. c4 e5 2. Nc3 Nf6 3. e4 Nc6 4. Nf3 Bc5 5. h3 d6 6. d3 Be6 7. Na4 Qd7 8. Nxc5
dxc5 9. Ng5 O-O-O 10. Nxe6 fxe6 11. Bd2 Rhf8 12. a3 Nd4 13. b4 Qf7 14. Be2 Nxe4
15. f3 Ng3 16. Kf2 Ngxe2 17. Re1 Nf4 18. Bxf4 Qxf4 19. Kg1 Qg3 20. Kh1 Nf5 21.
Qe2 Nh4 22. Rad1 Rd4 23. Rf1 Rfd8 24. Qf2 Nf5 25. Qe2 Qf4 26. Kg1 Ng3 27. Qe1
Nxf1 28. Qxf1 Qe3+ 29. Qf2 Rxd3 30. Qxe3 Rxe3 31. Rc1 Rxa3 32. bxc5 Ra2 33. Re1
Rdd2 34. Rxe5 Rxg2+ 35. Kf1 Rh2 36. Kg1 Kd7 37. c6+ bxc6 38. c5 a5 39. Re4 Rhd2
40. Re1 Rab2 41. Rf1 a4 42. f4 a3 43. h4 a2 0-1

[Event "X Open Primavera"]
[Site "Robecchetto con Induno ITA"]
[Date "2013.04.18"]
[Round "3"]
[White "Zanin, Fabio"]
[Black "Ruggeri, Igor"]
[WhiteElo "1404"]
[BlackElo "1578"]
[Result "1-0"]
[PlyCount "79"]
[EventDate "2013.04.04"]

1. e4 c5 2. b4 e6 3. b5 d6 4. c4 Be7 5. Qg4 Bf6 6. Nc3 Ne7 7. Bb2 O-O 8. Nf3 e5
9. Qg3 Ng6 10. Nd5 Nd7 11. Bd3 Bh4 12. Nxh4 Qxh4 13. Qxh4 Nxh4 14. Ne7+ Kh8 15.
O-O Nb6 16. Rae1 f5 17. f4 Be6 18. fxe5 Bxc4 19. Bxc4 Nxc4 20. Bc3 Nxe5 21.
Bxe5 dxe5 22. exf5 Rf7 23. Rxe5 Re8 24. Ng6+ hxg6 25. Rxe8+ Kh7 26. fxg6+ Kxg6
27. Re6+ Rf6 28. Rfxf6+ gxf6 29. Re7 Nf5 30. Rxb7 Nd4 31. Rxa7 Nxb5 32. Ra5 Nd6
33. Rxc5 Ne4 34. Rd5 f5 35. a4 Kf6 36. a5 Ke6 37. Rd4 Nc5 38. Rb4 Kd5 39. h4
Ne4 40. Rxe4 1-0

[Event "X Open Primavera"]
[Site "Robecchetto con Induno ITA"]
[Date "2013.05.02"]
[Round "4"]
[White "Barrera, Pietro"]
[Black "Rossi, Emanuele"]
[WhiteElo "1902"]
[BlackElo "1559"]
[Result "1-0"]
[PlyCount "87"]
[EventDate "2013.04.04"]

1. e4 d5 2. exd5 Qxd5 3. Nc3 Qd6 4. d4 Nf6 5. Nf3 a6 6. Bd3 Nc6 7. O-O Be6 8.
a3 O-O-O 9. Ne2 Bg4 10. Bf4 Qd7 11. Ne5 Nxe5 12. Bxe5 Nd5 13. h3 Bxe2 14. Qxe2
f6 15. Bg3 h5 16. Rfe1 h4 17. Bh2 g5 18. Qf3 Kb8 19. Rad1 Bg7 20. Bf5 Qc6 21.
Re6 Qb5 22. Be4 Nf4 23. Bxf4 gxf4 24. Qxf4 Bh6 25. Qf3 Bg5 26. c4 Qxc4 27. d5
Qa2 28. Bf5 Rd6 29. Rxe7 Rhd8 30. Qc3 Rc6 31. dxc6 Rxd1+ 32. Kh2 Qa1 33. g3
Rh1+ 34. Kg2 hxg3 35. Kxg3 Rg1+ 36. Kf3 Qf1 37. cxb7 Qd1+ 38. Re2 Qd8 39. Qc6
Rd1 40. Qxa6 Qd5+ 41. Be4 Rd3+ 42. Qxd3 Qe6 43. Qd8+ Ka7 44. b8=Q+ 1-0

[Event "X Open Primavera"]
[Site "Robecchetto con Induno ITA"]
[Date "2013.05.02"]
[Round "4"]
[White "Bianchi, Alberto"]
[Black "Santarelli, Sabatino"]
[WhiteElo "1964"]
[BlackElo "1621"]
[Result "1-0"]
[PlyCount "93"]
[EventDate "2013.04.04"]

1. e4 c5 2. Nf3 d6 3. d4 cxd4 4. Nxd4 Nf6 5. Nc3 a6 6. h3 Nc6 7. Be3 g6 8. Bc4
Bg7 9. Nxc6 bxc6 10. Qd2 O-O 11. Rd1 Qa5 12. O-O Be6 13. Be2 Nd7 14. Nd5 Qd8
15. Nb4 Qc8 16. b3 a5 17. Nd3 c5 18. Nf4 Ne5 19. Nxe6 Qxe6 20. f4 Nc6 21. Bc4
Qc8 22. Bd5 Ra6 23. c3 Qc7 24. Rc1 Rd8 25. a3 e6 26. Bc4 Rb6 27. Rfd1 Qe7 28.
b4 axb4 29. cxb4 Nd4 30. Qf2 Rbb8 31. bxc5 dxc5 32. e5 Bf8 33. a4 Qa7 34. Qa2
Rb4 35. a5 Rdb8 36. Rd2 Nb3 37. Bxb3 Rxb3 38. Bf2 R3b5 39. a6 Ra8 40. Bh4 Qb6
41. Ra1 Rb4 42. a7 Rxf4 43. Rd8 Rxh4 44. Rxa8 c4+ 45. Qf2 Qb7 46. Rxf8+ Kxf8
47. a8=Q+ 1-0

[Event "X Open Primavera"]
[Site "Robecchetto con Induno ITA"]
[Date "2013.05.02"]
[Round "4"]
[White "Colombo, Maurizio"]
[Black "Trenti, Alessandro"]
[WhiteElo "1769"]
[BlackElo "1755"]
[Result "1/2-1/2"]
[PlyCount "86"]
[EventDate "2013.04.04"]

1. d4 d5 2. c4 c6 3. Nc3 Nf6 4. Nf3 dxc4 5. a4 Bf5 6. e3 e6 7. Bxc4 Bb4 8. O-O
Nbd7 9. Qe2 Nb6 10. Bb3 Nbd5 11. Nxd5 exd5 12. Bd2 Bxd2 13. Nxd2 O-O 14. Rfc1
Re8 15. Bc2 Ne4 16. Nxe4 Bxe4 17. Bxe4 Rxe4 18. b4 a6 19. Rc2 Rc8 20. Rac1 Re6
21. Qd2 Qb6 22. Qc3 h6 23. Qc5 Qc7 24. b5 axb5 25. axb5 Qd7 26. Qb6 c5 27. Qa5
b6 28. Qa6 c4 29. Ra1 Qe8 30. Kf1 Rb8 31. Ke1 Rg6 32. g3 Qe4 33. Kd2 Rf6 34.
Kc3 Qd3+ 35. Kb2 Qe4 36. Qa7 Rd8 37. Qb7 Qd3 38. Ra3 Qf1 39. Ra8 c3+ 40. Kxc3
Qc4+ 41. Kb2 Qxb5+ 42. Kc1 Rxa8 43. Qxa8+ Kh7 1/2-1/2

[Event "X Open Primavera"]
[Site "Robecchetto con Induno ITA"]
[Date "2013.05.02"]
[Round "4"]
[White "Madaschi, Sergio"]
[Black "Buonasorte, Roberto"]
[WhiteElo "1497"]
[BlackElo "1452"]
[Result "1/2-1/2"]
[PlyCount "123"]
[EventDate "2013.04.04"]

1. e4 e6 2. d4 d5 3. Nd2 Nf6 4. e5 Nfd7 5. Bd3 c5 6. c3 Nc6 7. Ne2 Qb6 8. Nf3
cxd4 9. cxd4 Bb4+ 10. Bd2 Qa5 11. O-O Bxd2 12. Qxd2 Qxd2 13. Nxd2 f6 14. f4 O-O
15. Rac1 fxe5 16. fxe5 Rxf1+ 17. Rxf1 Nb4 18. Bb1 b6 19. a3 Ba6 20. Rf2 Nc6 21.
Nf3 h6 22. Nf4 Nf8 23. b4 g5 24. Nh5 Nd7 25. g4 Rf8 26. Kg2 Bc4 27. Rd2 a5 28.
bxa5 Nxa5 29. a4 Nb3 30. Rb2 Ra8 31. Ba2 Na5 32. Kf2 Bxa2 33. Rxa2 Nc4 34. Nd2
b5 35. Nxc4 dxc4 36. Rc2 Rxa4 37. Rc3 Ra2+ 38. Kg3 Rd2 39. Nf6+ Nxf6 40. exf6
Kf7 41. Rf3 Rxd4 42. h4 e5 43. hxg5 hxg5 44. Rf5 Rd3+ 45. Kf2 c3 46. Rxe5 Kxf6
47. Rxb5 c2 48. Rc5 Rd2+ 49. Ke3 Rh2 50. Kd3 Rg2 51. Rxc2 Rxg4 52. Ke3 Rf4 53.
Rf2 Rxf2 54. Kxf2 Kf5 55. Kf3 g4+ 56. Kg3 Kg5 57. Kg2 Kh4 58. Kh2 g3+ 59. Kg2
Kg4 60. Kg1 Kh3 61. Kh1 g2+ 62. Kg1 1/2-1/2

[Event "X Open Primavera"]
[Site "Robecchetto con Induno ITA"]
[Date "2013.05.02"]
[Round "4"]
[White "Marchesotti, Giovanni"]
[Black "Puricelli, Roberto"]
[WhiteElo "1540"]
[BlackElo "1551"]
[Result "1/2-1/2"]
[PlyCount "77"]
[EventDate "2013.04.04"]

1. b3 e5 2. Bb2 d6 3. c4 b6 4. e3 Nf6 5. Nf3 Bb7 6. d3 Nbd7 7. Nc3 Be7 8. Be2
O-O 9. O-O c5 10. Nd2 Qc7 11. Bf3 a6 12. Bxb7 Qxb7 13. Qf3 Qxf3 14. Nxf3 Rfb8
15. a4 Bf8 16. Nh4 Rb7 17. f4 Re8 18. Rfe1 e4 19. dxe4 Nxe4 20. Nxe4 Rxe4 21.
Nf5 Nb8 22. Rad1 Rd7 23. Ng3 Re8 24. Rd3 Nc6 25. Bc3 g6 26. Red1 Red8 27. Ne4
Bg7 28. Bxg7 Kxg7 29. Rxd6 Rxd6 30. Rxd6 Rxd6 31. Nxd6 Na5 32. Nc8 Nxb3 33.
Nxb6 Kf6 34. Kf2 Kf5 35. Ke2 Ke4 36. Nc8 Nc1+ 37. Kd2 Nb3+ 38. Ke2 Nc1+ 39. Kd2
1/2-1/2

[Event "X Open Primavera"]
[Site "Robecchetto con Induno ITA"]
[Date "2013.05.02"]
[Round "4"]
[White "Moroni, Luca"]
[Black "Zanin, Fabio"]
[WhiteElo "1859"]
[BlackElo "1404"]
[Result "1-0"]
[PlyCount "89"]
[EventDate "2013.04.04"]

1. Nf3 d5 2. d4 Nf6 3. Bf4 Bf5 4. h3 Nc6 5. c3 e6 6. e3 Bd6 7. Bxd6 Qxd6 8. Bd3
Ne4 9. Bc2 h6 10. Nbd2 O-O-O 11. Nxe4 Bxe4 12. Bxe4 dxe4 13. Nd2 f5 14. Qb3 Ne5
15. Nc4 Nd3+ 16. Ke2 Qd5 17. Rab1 f4 18. Ne5 f3+ 19. gxf3 Qxb3 20. axb3 Nxe5
21. dxe5 exf3+ 22. Kxf3 Rhf8+ 23. Ke2 Rd5 24. f4 Rb5 25. b4 Rd5 26. Rbd1 Rfd8
27. Rxd5 Rxd5 28. Rd1 Rxd1 29. Kxd1 Kd7 30. Kd2 Kc6 31. Kd3 Kb5 32. Kd4 b6 33.
b3 Kc6 34. h4 h5 35. e4 g6 36. Kc4 a6 37. Kd4 Kd7 38. c4 c6 39. Ke3 c5 40. bxc5
bxc5 41. Kd3 Kc6 42. Kc3 a5 43. Kb2 Kb6 44. Ka3 Ka6 45. f5 1-0